000 00463nam a2200193Ia 4500
003 0100
008 130307s9999 xx 000 0 und d
020 _a0321013751
040 _cARRUPELIB
050 _aH62.M337 1999
100 _aMctavish, Don
245 _aSocial research
260 _bAddison-Wesley
260 _c1999
650 _bZimbabwe -- Periodicals
650 _cZimbabwe -- History -- Periodicals
700 _aLoether, Herman
942 0 0 _05
999 _c94587
_d94587